[Event "CRC-ch"]
[Site "San Jose"]
[Date "2016.07.23"]
[Round "5.2"]
[White "Bonilla Sequeira, Pablo"]
[Black "Tapia Quiros, Gustavo"]
[Result "1-0"]
[WhiteElo "2019"]
[BlackElo "2113"]
[PlyCount "65"]
[EventDate "2016.07.18"]
[EventType "tourn"]
[EventRounds "10"]
[EventCountry "CRI"]
[SourceTitle "EXT 2024"]
[Source "ChessBase"]
[SourceDate "2023.10.10"]
[SourceVersion "1"]
[SourceVersionDate "2023.10.10"]
[SourceQuality "1"]

1. e4 c5 2. Nf3 e6 3. d4 cxd4 4. Nxd4 a6 5. Bd3 Nc6 6. Nb3 Nf6 7. 0-0 Be7 8. Qe2 d6 9. Nc3 0-0 10. f4 b5 11. a4 b4 12. Nd1 Bb7 13. Ne3 Re8 14. a5 d5 15. e5 Ne4 16. Rf3 f5 17. exf6 Bxf6 18. Rh3 Qe7 19. Ng4 Nd4 20. Nxd4 Bxd4+ 21. Kh1 Rac8 22. Qe1 Rf8 23. Bd2 Bxb2 24. Bxb4 Qc7 25. Bxf8 Rxf8 26. Rb1 Rxf4 27. Rxb2 Rxg4 28. Rf3 h5 29. Rb1 d4 30. Qf1 Nf6 31. h3 Bxf3 32. Qxf3 Ne4 33. hxg4 1-0

[Event "CRC-ch"]
[Site "San Jose"]
[Date "2016.07.20"]
[Round "3.3"]
[White "Bonilla Sequeira, Pablo"]
[Black "Carvajal Gorgona, Jonathan G"]
[Result "1/2-1/2"]
[WhiteElo "2019"]
[BlackElo "2208"]
[PlyCount "104"]
[EventDate "2016.07.18"]
[EventType "tourn"]
[EventRounds "10"]
[EventCountry "CRI"]
[SourceTitle "EXT 2024"]
[Source "ChessBase"]
[SourceDate "2023.10.10"]
[SourceVersion "1"]
[SourceVersionDate "2023.10.10"]
[SourceQuality "1"]

1. e4 e6 2. d4 d5 3. e5 c5 4. c3 Nc6 5. Be3 Qb6 6. Qd2 Bd7 7. Nf3 Rc8 8. dxc5 Bxc5 9. Bxc5 Qxc5 10. Bd3 f6 11. 0-0 fxe5 12. b4 Qe7 13. b5 e4 14. bxc6 Bxc6 15. Bxe4 dxe4 16. Ne5 Nf6 17. Qe3 0-0 18. Nd2 b6 19. Nxc6 Rxc6 20. Nxe4 Nd5 21. Qd2 Rfc8 22. Rac1 Qc7 23. c4 Rxc4 24. Rxc4 Qxc4 25. Nd6 Qc2 26. Qg5 Rf8 27. Qe5 Nc7 28. a3 Rd8 29. Qf4 Rd7 30. Ne4 h6 31. g3 Rf7 32. Qg4 Qc6 33. Rd1 Nd5 34. Qg6 Rf8 35. h4 Qe8 36. Qg4 Qf7 37. Rd3 Nf6 38. Nxf6+ Qxf6 39. Qe2 e5 40. Re3 Qc6 41. Qa2+ Kh8 42. Rxe5 Qc1+ 43. Kh2 Qf1 44. Re2 h5 45. f4 Rd8 46. Qe6 Qf3 47. a4 a6 48. Rc2 b5 49. Qxa6 Rd1 50. Qc8+ Kh7 51. Qf5+ Kh6 52. Qg5+ Kh7 1/2-1/2

[Event "CRC-ch"]
[Site "San Jose"]
[Date "2016.07.19"]
[Round "2.2"]
[White "Minero Pineda, Sergio"]
[Black "Bonilla Sequeira, Pablo"]
[Result "1-0"]
[WhiteElo "2392"]
[BlackElo "2019"]
[PlyCount "113"]
[EventDate "2016.07.18"]
[EventType "tourn"]
[EventRounds "10"]
[EventCountry "CRI"]
[SourceTitle "EXT 2024"]
[Source "ChessBase"]
[SourceDate "2023.10.10"]
[SourceVersion "1"]
[SourceVersionDate "2023.10.10"]
[SourceQuality "1"]

1. d4 Nf6 2. c4 e6 3. Nf3 Bb4+ 4. Nbd2 0-0 5. a3 Bxd2+ 6. Qxd2 d6 7. e3 Qe7 8. Be2 e5 9. Qc2 a5 10. b3 Nc6 11. Bb2 Re8 12. 0-0 Bg4 13. h3 Bh5 14. d5 Nb8 15. b4 Na6 16. Qb3 Ne4 17. Bc3 f5 18. Rfe1 Rf8 19. Nd2 Bxe2 20. Rxe2 Nf6 21. Nf3 Ne4 22. Nd2 Nf6 23. Rae1 g5 24. f4 e4 25. Bb2 g4 26. Nf1 Qg7 27. Ng3 Qg6 28. h4 Kf7 29. Rc2 Ke7 30. c5 Nd7 31. c6 bxc6 32. dxc6 Nf6 33. Bd4 Nh5 34. Ne2 Qe6 35. Qxe6+ Kxe6 36. b5 Nb8 37. a4 Nf6 38. Bxf6 Kxf6 39. Rd1 Kg6 40. Rd5 Rf6 41. Nd4 h5 42. Kf2 Rf7 43. Ne2 Kf6 44. Rd1 Ke6 45. Ng3 Rh7 46. Rcd2 Na6 47. bxa6 Rxa6 48. Rd5 Rxc6 49. Rxf5 Rc2+ 50. Kg1 c5 51. Rg5 Rb7 52. Nxh5 Rbb2 53. Rxg4 Rd2 54. Rf1 c4 55. f5+ Kf7 56. f6 c3 57. Rg7+ 1-0

[Event "CRC-ch"]
[Site "San Jose"]
[Date "2016.07.18"]
[Round "1.4"]
[White "Bonilla Sequeira, Pablo"]
[Black "Gonzalez Acosta, Bernal Manuel"]
[Result "0-1"]
[WhiteElo "2019"]
[BlackElo "2478"]
[PlyCount "108"]
[EventDate "2016.07.18"]
[EventType "tourn"]
[EventRounds "10"]
[EventCountry "CRI"]
[SourceTitle "EXT 2024"]
[Source "ChessBase"]
[SourceDate "2023.10.10"]
[SourceVersion "1"]
[SourceVersionDate "2023.10.10"]
[SourceQuality "1"]

1. e4 c5 2. Nf3 g6 3. d4 cxd4 4. Nxd4 Nc6 5. Nc3 Bg7 6. Be3 Nf6 7. Be2 0-0 8. Qd2 d5 9. Nxc6 bxc6 10. exd5 cxd5 11. Rd1 Bb7 12. 0-0 Qb8 13. f4 Rd8 14. Bd4 Bc6 15. b3 Qb7 16. Qe3 e6 17. Bf3 Ne8 18. a4 Bxd4 19. Rxd4 Ng7 20. g4 Rac8 21. Bd1 Qb6 22. Ne2 Bb7 23. Rf3 f6 24. Rh3 Rd7 25. Qf2 e5 26. a5 Qe6 27. fxe5 fxe5 28. Re3 Rf8 29. Qg2 Qf6 30. Rb4 d4 31. Rxb7 Rxb7 32. Re4 Rbf7 33. Ng3 Ne6 34. Re1 Nf4 35. Qe4 Nh3+ 36. Kg2 Nf2 37. Qd5 Nxd1 38. Rxd1 Qf3+ 39. Qxf3 Rxf3 40. Rd2 Re3 41. Ne2 Rc8 42. Kf2 Rc5 43. b4 Rc4 44. c3 a6 45. cxd4 exd4 46. Nxd4 Re7 47. Nf3 Rxb4 48. Rd8+ Kg7 49. Kg3 Rb3 50. Kg2 Re2+ 51. Kf1 Ra2 52. Rd7+ Kf6 53. Nd2 Rbb2 54. Rd6+ Ke7 0-1

[Event "Managua Sub zt 2.3"]
[Site "Managua"]
[Date "2014.04.29"]
[Round "5"]
[White "Solorzano, Andres"]
[Black "Bonilla Sequeira, Pablo"]
[Result "1-0"]
[WhiteElo "1916"]
[BlackElo "1989"]
[PlyCount "111"]
[EventDate "2014.04.27"]
[EventType "swiss"]
[EventRounds "9"]
[EventCountry "NCA"]
[SourceTitle "EXT 2015"]
[Source "ChessBase"]
[SourceDate "2014.11.20"]
[SourceVersion "1"]
[SourceVersionDate "2014.11.20"]
[SourceQuality "1"]

1. d4 Nf6 2. c4 e6 3. Nc3 Bb4 4. e3 b6 5. Nf3 Bb7 6. Bd3 0-0 7. 0-0 Bxc3 8. bxc3 d6 9. Qc2 Qe7 10. e4 e5 11. Re1 Bc8 12. Ba3 c5 13. Bc1 Nc6 14. Bg5 h6 15. Bh4 Bg4 16. d5 Na5 17. Nd2 g5 18. Bg3 Nh5 19. Nf1 Ng7 20. Ne3 Bc8 21. f3 Nh5 22. Bf2 Nf4 23. Bf1 Qf6 24. g3 Nh5 25. Be2 Ng7 26. Kg2 Qg6 27. Bd3 f5 28. exf5 Nxf5 29. Nf1 Qf6 30. Nd2 Ng7 31. Rf1 Bf5 32. Be3 Bxd3 33. Qxd3 Nf5 34. Ne4 Qe7 35. Bd2 Rf7 36. Rf2 Raf8 37. h4 gxh4 38. g4 h3+ 39. Kxh3 Nh4 40. Raf1 Ng6 41. Kg2 Nf4+ 42. Bxf4 Rxf4 43. Rh1 Kg7 44. Ng3 e4 45. Nxe4 Qf7 46. Nxd6 Rxg4+ 47. Kf1 Qf4 48. Rhh2 Rg6 49. Ne4 Qc1+ 50. Ke2 Qb2+ 51. Ke3 Qc1+ 52. Ke2 b5 53. cxb5 c4 54. Qd4+ Kg8 55. Rhg2 Qc2+ 56. Qd2 1-0

[Event "Heredia op 1st"]
[Site "Heredia"]
[Date "2004.07.28"]
[Round "2"]
[White "Gutierrez Herrera, Fernando"]
[Black "Bonilla Sequeira, Pablo"]
[Result "1/2-1/2"]
[WhiteElo "1866"]
[BlackElo "2038"]
[PlyCount "81"]
[EventDate "2004.07.26"]
[EventType "swiss"]
[EventRounds "8"]
[EventCountry "CRI"]
[SourceTitle "EXT 2005"]
[Source "ChessBase"]
[SourceDate "2004.11.15"]
[SourceVersion "1"]
[SourceVersionDate "2004.11.15"]
[SourceQuality "1"]

1. d4 Nf6 2. Bg5 Ne4 3. Bf4 c5 4. f3 Qa5+ 5. c3 Nf6 6. d5 d6 7. e4 g6 8. Na3 a6 9. Nc4 Qc7 10. a4 Nh5 11. Be3 b6 12. Qd2 Nf6 13. Ne2 Nbd7 14. Ng3 Rb8 15. Bh6 b5 16. axb5 axb5 17. Bxf8 Rxf8 18. Ne3 h5 19. h4 c4 20. Nc2 Nc5 21. Nd4 Nfd7 22. Nc6 Nb3 23. Qg5 Nf6 24. Ra7 Rb7 25. Ra8 Rh8 26. Be2 Kf8 27. Nxe7 Kxe7 28. e5 dxe5 29. Ne4 Rb6 30. d6+ Rxd6 31. Qxe5+ Kd7 32. Ra7 Nxe4 33. Rxc7+ Kxc7 34. Qxh8 Ng3 35. Rf1 Re6 36. Rf2 Nc1 37. Qf8 Ncxe2 38. Qc5+ Kd8 39. Qf8+ Kc7 40. Qc5+ Kd8 41. Qf8+ 1/2-1/2